Equipes-types de la Ligue des Champions : 2017 - Statistiques

Statistiques générales
  • Ce quiz a été pris 1 297 fois
  • Le résultat moyen est 16 sur 18
Statistiques - réponses
Joueur Club % Correct
Cristiano Ronaldo Réal Madrid
98%
Lionel Messi FC Barcelone
98%
Luka Modric Réal Madrid
98%
Sergio Ramos Réal Madrid
98%
Gianluigi Buffon Juventus
97%
Jan Oblak Atlético Madrid
97%
Kylian Mbappé Monaco
97%
Toni Kroos Réal Madrid
97%
Marcelo Réal Madrid
95%
Antoine Griezmann Atlético Madrid
94%
Casemiro Réal Madrid
94%
Robert Lewandowski Bayern Munich
94%
Dani Carvajal Réal Madrid
90%
Leonardo Bonucci Juventus
89%
Diego Godin Atlético Madrid
80%
Isco Réal Madrid
68%
Tiemoué Bakayoko Monaco
48%
Miralem Pjanic Juventus
30%
Aucun quiz correspondant
Distribution des résultats
% des personnes avec chaque résultat
Percentile par nombre de réponses
Votre historique - résultats
Vous n’avez pas pris ce quiz